| 000 | 00781nam a2200217Ii 4500 | ||
|---|---|---|---|
| 003 | JO-AjNU | ||
| 008 | 230605s9999||||xx |||||||||||||| ||und|| | ||
| 017 | _a2005/9/2331 | ||
| 040 |
_aJO-AjNU _bara _erda _cJO-AjNU |
||
| 041 | _aara | ||
| 050 | 1 | 4 | _aLC3969.K55 2009 |
| 100 | 3 |
_aالكيلاني،عبدالله زيد مؤلف/الروسان،فاروق م.مشارك, _eauthor _931510 |
|
| 245 | 0 | 0 | _aالتقويم في التربية الخاصة |
| 250 | _aط2 | ||
| 264 | 3 | 1 | _aعمان:دار المسيرة،2009 |
| 300 | _a288ص | ||
| 336 |
_atext _btxt _2rdacontent |
||
| 337 |
_aunmediated _bn _2rdamedia |
||
| 338 |
_avolume _bnc _2rdacarrier |
||
| 650 | 4 |
_aالتعليم الخاص-تربية الأطفال. الأطفال المعوقون-تعليم _931511 |
|
| 999 |
_aA12611 _c16179 _d16179 |
||